| 000 | 00489nam a22001817a 4500 | ||
|---|---|---|---|
| 005 | 20260523124145.0 | ||
| 008 | 260523b |||||||| |||| 00| 0 eng d | ||
| 020 | _c2500.00 | ||
| 040 | _aMAIN | ||
| 041 | _aEnglish | ||
| 082 |
_a581.95486 _bRAI |
||
| 100 |
_aRaizada, M.B. _926887 |
||
| 245 | _aFlora of Mansoori | ||
| 260 |
_aDehradun _bBishan Singh Mahindra Pal Singh _c1978 |
||
| 300 |
_a645 _bVol.1st |
||
| 650 |
_aUttarakhand Collection : Himalaya Collection _913 |
||
| 942 | _cBK | ||
| 999 |
_c60864 _d60864 |
||